000 00440nam a2200145Ia 4500
008 170224s9999 xx 000 0 und d
100 _aVivien Beattie
245 _aAccounting narratives: storytelling, philosophising and quantification
245 _cVivien Beattie & Jane Davison
260 _bAccounting and Business Research
260 _c2015
300 _a45:6-7, Pages: 655-660
650 _xAccountancy
650 _xAccounting
999 _c316117
_d316117